Procesné riadenie v prostredí verejnej správy
Chrakteristika procesného riadenia - Business process management (BPM). Aplikácia moderných trendov procesného riadenia v prostredí inštitúcií verejnej správy. New public managemnet - jedna zo stratégií reformy verejnej správy. eGovernment a procesné riadenie vo verejnej správe.
Guardado en:
| Autor principal: | |
|---|---|
| Formato: | Capítulo de libro |
| Lenguaje: | eslovaco |
| Materias: | |
| Etiquetas: |
Sin Etiquetas, Sea el primero en etiquetar este registro!
|
MARC
| LEADER | 00000naa$a2200000$$$4500 | ||
|---|---|---|---|
| 001 | 0091719 | ||
| 005 | 20240502072026.3 | ||
| 041 | 0 | |a slo | |
| 044 | |a SK | ||
| 245 | 1 | 0 | |a Procesné riadenie v prostredí verejnej správy |c Oľga Škvarčeková |
| 520 | |a Chrakteristika procesného riadenia - Business process management (BPM). Aplikácia moderných trendov procesného riadenia v prostredí inštitúcií verejnej správy. New public managemnet - jedna zo stratégií reformy verejnej správy. eGovernment a procesné riadenie vo verejnej správe. | ||
| 610 | 2 | 0 | |a správa verejná |
| 610 | 2 | 0 | |a systémy správne |
| 610 | 2 | 0 | |a správa verejná elektronická |
| 610 | 2 | 0 | |a systémy informačné |
| 610 | 2 | 0 | |a informatizácia |
| 610 | 2 | 0 | |a riadenie procesné |
| 610 | 2 | 0 | |a flexibilita |
| 610 | 2 | 0 | |a optimalizácia |
| 100 | 1 | |a Škvarčeková, Oľga | |